[Event "ROM-ch U10"]
[Site "Calimanesti"]
[Date "2014.04.07"]
[Round "2"]
[White "Hududui, Stefan"]
[Black "Barbu, Ionut Gabriel"]
[Result "1/2-1/2"]
[WhiteElo "1199"]
[BlackElo "1001"]
[PlyCount "40"]
[EventDate "2014.04.06"]
[EventType "swiss"]
[EventRounds "9"]
[EventCountry "ROU"]
[SourceTitle "CBM 160 Extra"]
[Source "ChessBase"]
[SourceDate "2014.07.01"]
[SourceVersion "1"]
[SourceVersionDate "2014.07.01"]
[SourceQuality "1"]

1. e4 g6 2. Nf3 Bg7 3. Nc3 b6 4. Bc4 d6 5. d3 Nf6 6. Be3 Bd7 7. Qd2 Ng4 8. Bg5 Qc8 9. h3 Nf6 10. 0-0 e5 11. Ne2 0-0 12. Bh6 Bxh6 13. Qxh6 Nc6 14. Qg5 Qd8 15. Nc3 Qe7 16. Nb5 Nb4 17. Rac1 Bxb5 18. Bxb5 Nxa2 19. Ra1 Nb4 20. c3 Nc6 1/2-1/2